000 00855nam a2200241Ia 4500
003 IN-BaIIA
008 211028s9999 xx 000 0 eng d
020 _a306-30487-2
040 _cIIA Library
080 _a535.33
_bCOO
111 _aInternational Symposium on Electron and Nuclear Resonance
_cMelborne
_d1969
_96378
245 0 _aMagnetic resonance
_bproceedings of the international symposium on electron and nuclear resonance held in Melborne, 1969
_cedited by C. K. Coogan…[et al.]
260 _aNew York
_bPlenum Press
_c1970
300 _a386p.
650 _aAstronomy and Astrophysics Thesaurus
650 _aMagneticResonance
_96379
650 _aResonance
_96380
700 _aCoogan, C. K., ed.
_96381
700 _aHam, Norman S., ed.
_96382
700 _aPilbrow, J. R., ed.
_96383
700 _aStuart, S. N., ed.
_96384
942 _cBK
999 _c3601
_d3601